| 000 | 00661nam a2200181 i 4500 | ||
|---|---|---|---|
| 001 | 142495 | ||
| 003 | ES-MaACL | ||
| 005 | 20230906200534.0 | ||
| 007 | t| | ||
| 008 | 071005s1970 sp ||||1| spa d | ||
| 100 | 1 |
_aRodríguez Xuárez de la Guardia, María Josefa Juana. _998866 |
|
| 245 | 1 | 0 |
_aSenda azul _b: María, vida y camino de santificación en Mª Josefa Rodríguez / _cLorenzo R. de Villalón. |
| 260 |
_aValladolid : _b[s.n.], _c1970 ( _fGráf. Andrés Martín) |
||
| 300 |
_a192 p., 4 lám. ; _c19 cm. |
||
| 600 | 1 | 4 |
_aVirgen María- _vMeditaciones. _9115444 |
| 700 | 1 |
_aVillalón, Lorenzo R. de. _9114971 |
|
| 852 |
_aES-MaACL _jC-51441 _bR.72481 |
||
| 999 |
_c142495 _d142495 |
||